000
00318nam a2200133 a 4500
008
141008s2006|||| d
100
1
_a
Kačala, Ján
245
1
0
_a
Slovenčina v literárnej praxi
260
_b
Martin
_a
Matica slovenská
_c
2006
020
_c
6,57
041
_a
slo
044
_a
xo
_c
SK
958
_a
APR
999
_c
20466
_d
20466